Normal view
MARC view
- Ghias, Rimsha
Entry Personal Name
001 - CONTROL NUMBER
- control field: 120219
003 - CONTROL NUMBER IDENTIFIER
- control field: NUST
005 - DATE AND TIME OF LATEST TRANSACTION
- control field: 20240201161937.0
008 - FIXED-LENGTH DATA ELEMENTS
- fixed length control field: 240201|| aca||aabn | a|a d
040 ## - CATALOGING SOURCE
- Original cataloging agency: NUST
- Transcribing agency: NUST
100 ## - HEADING--PERSONAL NAME
- Personal name: Ghias, Rimsha
670 ## - SOURCE DATA FOUND
- Source citation: Work cat.: (NUST): Ghias, Rimsha, Artificial neural network based MPPT and conditional controllers with saturated action for multi-renewable hybrid alternating or direct current microgrids in islanded and grid-connected Modes/
